Les 12 coups de midi | Coup fatal #16 - Statistiques

Statistiques générales
  • Ce quiz a été pris 267 fois
  • Le résultat moyen est 5 sur 21
Statistiques - réponses
Questions Réponses % Correct
De quelle couleur est le chat qui porte malheur si on croise sa route ? noir
96%
Comment appelle-t-on le petit du chat ? chaton
88%
Quels petits personnages bleus de BD ont été créés par Peyo ? schtroumpfs
73%
Pour quel pays le perchiste Armand Duplantis concourt-il ? Suède
54%
Selon l'expression, quel sentiment de supériorité, d'orgueil, "ravale-t-on" ? fierté
48%
Quelle ville du Gard est surnommée la "Rome française" ? Nîmes
45%
Quel lien de parenté unissait la sculptrice Camille Claudel et l'écrivain Paul Claudel ? frère et soeur
44%
A quel célèbre streameur doit-on la compétition multigaming appelée la ZLAN ? ZeratoR
23%
Selon le titre d'une oeuvre de Shakespeare, comment est la "mégère" ? apprivoisée
9%
Comment s'appelle le dernier tome d' "A la recherche du temps perdu" de Proust ? Le Temps retrouvé
8%
Qui incarne Catwoman dans "Batman, le défi" de Tim Burton ? Michelle Pfeiffer
8%
Quel parc national s'étend sur les Hautes-Alpes et l'Isère ? Ecrins
7%
Qu'a découvert par accident le physicien Wilhelm Röntgen en 1895 ? rayons x
6%
Dans le dessin animé, qui assomme régulièrement Nicky Larson à coups de maillet ? Laura
5%
Comment s'appelle le cousin fermier de Donald ? Gus
4%
Qui a dirigé l'Angleterre après l'exécution du roi Charles Ier, en 1649 ? Oliver Cromwell
3%
Comment s'intitule le dernier roman de la trilogie asiatique d'André Malraux ? La Condition humaine
2%
De quel groupe des années 1980 Mark Hollis était-il le chanteur ? Talk Talk
2%
La rivière Moselle se jette dans le Rhin, mais dans quelle ville d'Allemagne ? Coblence
1%
A quel romancier doit-on "La mort est mon métier" ? Robert Merle
1%
Dans quel film Pierre Richard est-il embauché dans une agence de publicité ? Le Distrait
0%
Aucun quiz correspondant
Distribution des résultats
% des personnes avec chaque résultat
Percentile par nombre de réponses
Votre historique - résultats
Vous n’avez pas pris ce quiz